Atlas de nutrición en pediatría / (Registro nro. 69796)
[ vista simple ]
| 000 -LEADER | |
|---|---|
| fixed length control field | 01149nam a2200325 i 4500 |
| 001 - CONTROL NUMBER | |
| control field | 69796 |
| 003 - CONTROL NUMBER IDENTIFIER | |
| control field | Mx-PuUPA |
| 005 - DATE AND TIME OF LATEST TRANSACTION | |
| control field | 20220630140725.0 |
| 008 - FIXED-LENGTH DATA ELEMENTS--GENERAL INFORMATION | |
| fixed length control field | 220623s2015 sp ad||fr|||| 00| 0 spa d |
| 017 ## - COPYRIGHT OR LEGAL DEPOSIT NUMBER | |
| Copyright or legal deposit number | M-24263-2015 |
| 020 ## - INTERNATIONAL STANDARD BOOK NUMBER | |
| International Standard Book Number | 9788416270439 |
| 040 ## - CATALOGING SOURCE | |
| Original cataloging agency | Mx-PuUPA |
| Language of cataloging | spa |
| Transcribing agency | Mx-PuUPA |
| Modifying agency | Mx-PuUPA |
| Description conventions | rda |
| 041 0# - LANGUAGE CODE | |
| Language code of text/sound track or separate title | spa |
| 110 2# - MAIN ENTRY--CORPORATE NAME | |
| Corporate name or jurisdiction name as entry element | Fundación Carlos Vázquez, |
| Relator term | autor |
| 245 10 - TITLE STATEMENT | |
| Title | Atlas de nutrición en pediatría / |
| Statement of responsibility, etc. | Fundación Carlos Vázquez ; editora, Isabel Polanco Allué |
| 264 #1 - PRODUCTION, PUBLICATION, DISTRIBUTION, MANUFACTURE, AND COPYRIGHT NOTICE | |
| Place of production, publication, distribution, manufacture | Majadahonda, Madrid : |
| Name of producer, publisher, distributor, manufacturer | Ergón, |
| Date of production, publication, distribution, manufacture, or copyright notice | ©2015 |
| 300 ## - PHYSICAL DESCRIPTION | |
| Extent | 187 páginas : |
| Other physical details | ilustraciones, gráficas, tablas ; |
| Dimensions | 29 cm |
| 336 ## - CONTENT TYPE | |
| Fuente | rdacontent |
| Content type term | texto |
| Content type code | txt |
| 336 ## - CONTENT TYPE | |
| Fuente | rdacontent |
| Content type term | imagen fija |
| Content type code | sti |
| 337 ## - MEDIA TYPE | |
| Source | rdamedia |
| Media type term | sin medio |
| Media type code | n |
| 338 ## - CARRIER TYPE | |
| Source | rdacarrier |
| Carrier type term | volumen |
| Carrier type code | nc |
| 650 #7 - SUBJECT ADDED ENTRY--TOPICAL TERM | |
| Source of heading or term | armarc |
| Topical term or geographic name entry element | Niños |
| General subdivision | Nutrición |
| 650 #7 - SUBJECT ADDED ENTRY--TOPICAL TERM | |
| Source of heading or term | armarc |
| Topical term or geographic name entry element | Niños |
| General subdivision | Alimentación |
| 650 #7 - SUBJECT ADDED ENTRY--TOPICAL TERM | |
| Source of heading or term | armarc |
| Topical term or geographic name entry element | Pediatría |
| 700 1# - ADDED ENTRY--PERSONAL NAME | |
| Personal name | Polanco Allué, Isabel, |
| Relator term | editor |
| 9 (RLIN) | 12834 |
| 942 ## - ADDED ENTRY ELEMENTS (KOHA) | |
| Source of classification or shelving scheme | Dewey Decimal Classification |
| Koha item type | Libro |
| Classification part | 613.2 |
| Item part | A88 |
| Withdrawn status | Lost status | Source of classification or shelving scheme | Damaged status | Not for loan | Collection code | Home library | Current library | Shelving location | Date acquired | Source of acquisition | Cost, normal purchase price | Total Checkouts | Full call number | Barcode | Date last seen | Copy number | Cost, replacement price | Price effective from | Koha item type |
|---|---|---|---|---|---|---|---|---|---|---|---|---|---|---|---|---|---|---|---|
| Dewey Decimal Classification | General | Biblioteca Karol Wojtyla | Biblioteca Karol Wojtyla | Sala general | 10/07/2024 | 1 | 1286.00 | 613.2 A88 2015 | 102798 | 05/01/2026 | Ej.2 | 1286.00 | 10/07/2024 | Reserva permanente | |||||
| Dewey Decimal Classification | General | Biblioteca Karol Wojtyla | Biblioteca Karol Wojtyla | Sala general | 10/07/2024 | 1 | 1286.00 | 613.2 A88 2015 | 102797 | 05/01/2026 | 1286.00 | 10/07/2024 | Reserva permanente |